Post Malone's Most Streamed Songs - Statistics

General Stats
  • This quiz has been taken 255 times
    43 since last reset
  • The average score is 11 of 20
Answer Stats
Hint Answer % Correct
3,081,232,268 Circles
89%
3,331,037,547 rockstar (ft. 21 Savage)
89%
4,129,686,146 Sunflower (ft. Swae Lee)
86%
2,281,896,647 Congratulations (ft. Quavo)
80%
2,219,024,390 Better Now
74%
1,402,515,672 I Had Some Help (ft. Morgan Wallen)
66%
1,663,878,123 Psycho (ft. Ty Dolla $ign)
66%
1,893,699,771 Wow.
66%
1,339,326,134 White Iverson
60%
1,437,969,094 Goodbyes (ft. Young Thug)
54%
1,147,710,832 Candy Paint
43%
693,869,479 Chemical
43%
1,010,006,471 I Like You (A Happier Song) (ft. Doja Cat)
40%
749,685,027 Take What You Want (ft. Ozzy Osbourne, Travis Scott)
40%
1,799,056,134 I Fall Apart
37%
667,506,044 Stay
34%
1,120,273,384 Fortnight (ft. Taylor Swift)
31%
1,154,694,583 Go Flex
31%
797,564,615 One Right Now (ft. The Weeknd)
29%
955,551,410 Jackie Chan (ft. Tiesto, Dzeko, Preme)
0%
No matching quizzes found
Score Distribution
Percent of People with Each Score
Percentile by Number Answered
Your Score History
You have not taken this quiz since the last reset